Library of the University of Algiers 3
Ibrahim Sultan Cheibout
شعار جامعة الجزائر 3
مكتبة جامعة الجزائر 3
إبراهيم سلطان شيبوط

بورصة الأوراق المالية : (رقم التسجيلة. 41227)

تفاصيل مارك
000 -LEADER
fixed length control field 02210nam a2200229Ia 4500
003 - CONTROL NUMBER IDENTIFIER
control field Ost
005 - DATE AND TIME OF LATEST TRANSACTION
control field 20260416102356.0
008 - FIXED-LENGTH DATA ELEMENTS--GENERAL INFORMATION
fixed length control field 260416s9999||||xx |||||||||||||| ||und||
040 ## - CATALOGING SOURCE
Transcribing agency fsecg
041 ## - LANGUAGE CODE
Language code of text/sound track or separate title ara
082 ## - DEWEY DECIMAL CLASSIFICATION NUMBER
Classification number 332.642
100 ## - MAIN ENTRY--PERSONAL NAME
Personal name بلقاسم، ليندة
Relator term مؤلف
245 #0 - TITLE STATEMENT
Title بورصة الأوراق المالية :
Remainder of title مطبوعة مخصصة لطلبة السنة الثالثة شعبة العلوم المالية و المحاسبة وفق المقرر الوزاري تخصص مالية المؤسسة /
Statement of responsibility, etc. ليندة بلقاسم
260 ## - PUBLICATION, DISTRIBUTION, ETC.
Place of publication, distribution, etc. الجزائر
Name of publisher, distributor, etc. جامعة الجزائر3: كلية العلوم الإقتصادية، العلوم التجارية وعلوم التسيير
Date of publication, distribution, etc. 2021
300 ## - PHYSICAL DESCRIPTION
Extent 340 ورقة
Other physical details ايضاحات
Dimensions 30 سم
504 ## - BIBLIOGRAPHY, ETC. NOTE
Bibliography, etc. note مراجع ص.320
520 ## - SUMMARY, ETC.
Summary, etc. ماهيو البورصات و تطورها التاريخي و أهدافها و علاقة البورصات بالمؤسسات و الأسواق المالية الاخرى ووظائف البورصات و الأبعاد الإدارية و التنظيمية لبورصة الاوراق المالية و المؤسسات العاملة في بورصة الاوراق المالية ، الاوراق و المنتجات المالية المتداولة في بورصة الاوراق المالية ، قواعد البيع و الشراء في بورصة الاوراق المالية ، تسعير الأوراق المالية في البورصة ، قياس كفاءة أسواق المال و البورصات ، مؤشرات بورصة الاوراق المالية ، البورصات المتقدمة و البورصات الناشئة ، دور تقنية المعلومات في تنشيط التداول و الربط الالكتروني للبورصات ( البورصات الالكترونية)و أخيرا مصطلحات شائعة الاستخدام في بورصة الاوراق المالية.
653 ## - INDEX TERM--UNCONTROLLED
Uncontrolled term الاوراق المالية
653 ## - INDEX TERM--UNCONTROLLED
Uncontrolled term البورصات
710 ## - ADDED ENTRY--CORPORATE NAME
Corporate name or jurisdiction name as entry element جامعة الجزائر3: كلية العلوم الإقتصادية، العلوم التجارية وعلوم التسيير
Relator term ناشر علمي
942 ## - ADDED ENTRY ELEMENTS (KOHA)
Koha item type مطبوعات
المقتنيات
Withdrawn status Lost status Source of classification or shelving scheme Damaged status Not for loan Home library Current library Date acquired Serial enumeration / chronology Inventory number Total checkouts Full call number Barcode Date last seen Price effective from Koha item type
    Dewey Decimal Classification   NOT LOAN / إعارة داخلية مكتبة كلية العلوم الإقتصادية والعلوم التجارية وعلوم التسيير مكتبة كلية العلوم الإقتصادية والعلوم التجارية وعلوم التسيير 16/04/2026 الطابق الثاني مط.410-1   مط.410 ن1 مط.410-1 16/04/2026 16/04/2026 مطبوعات

موارد الويب المفتوحة


© University of Algiers 3 All Rights Reserved
|
Implemented by LECHELAH Riad